| 000 | 00394nam a2200157Ia 4500 | ||
|---|---|---|---|
| 008 | 230524s9999 xx 000 0 und d | ||
| 082 |
_a5 _bGAL |
||
| 100 | _aWilbert O.Galitz | ||
| 245 | 4 | _aThe Essential Guide to user Interface Design | |
| 250 | _a2ND | ||
| 260 |
_aNEW DELHI _bJohn Wiley _c2007 |
||
| 300 | _aXXIV;905 | ||
| 500 | _aQuantity Number: 4 | ||
| 650 | _aComp-Sc | ||
| 942 | _cBK | ||
| 999 |
_c40922 _d40922 |
||